00655 2200241 4500001002100000005001500021035002000036007000300056008004100059020000600100082001900106084002500125100001700150245004900167250000600216260006900222300002100291650001000312700001700322856002800339990002300367990002300390INLIS00000000000770620251022075402 a0010-1025000044ta251022 0 ind  a- a635.64-15(035) a635.64-15(035) KOR p1 aKORLINA, Eli1 aPetunjuk Teknis Budidaya Cabai Di Pekarangan a- aMalang :bBalai Pengkajian Teknologi Pertanian Jawa Timur,c2017 bilus ;c21 cme- 4aCabai0 aTini Siniati aPerpustakaan BRMP Jatim a573/2025/BRMPJATIM a574/2025/BRMPJATIM